LEADER 00967nam0 22002291i 450 001 UON00407372 005 20231205104724.955 100 $a20120322d1971 |0itac50 ba 101 $aita 102 $aIT 105 $a|||| ||||| 200 1 $aRapporto su metodologia, modalità organizzative e attuazione del doposcuola nella scuola media unica$f CENSIS, Centro Studi Investimenti Sociali 210 $aRoma$c[s.n.]$d1971 215 $a87 p.$d32 cm. 620 $aIT$dRoma$3UONL000004 710 02$aCENSIS$3UONV101099$09271 801 $aIT$bSOL$c20241115$gRICA 899 $aSIBA - SISTEMA BIBLIOTECARIO DI ATENEO$2UONSI 912 $aUON00407372 950 $aSIBA - SISTEMA BIBLIOTECARIO DI ATENEO$dSI II ANT-SOCA D 0256 $eSI SC 6842 5 0256 $sBuono 996 $aRapporto su metodologia, modalità organizzative e attuazione del doposcuola nella scuola media unica$91345391 997 $aUNIOR